Wymień całą linię prowadzącą do... E-50M w WOT - Statystyki

Ogólne statystyki
  • Ten quiz został rozwiązany 118 razy
  • Średni wynik to 5 z 10
Statystyki odpowiedzi
Poziom Czołg % Poprawnych
9 E-50
96%
10 E-50M
95%
7 Panther
78%
8 Panther II
69%
2 Pz.II
59%
1 L.tr.
43%
6 VK 30.02M
31%
5 VK 30.01H
30%
3 Pz.IIIa
16%
4 DW-2
15%
Nie znaleziono quizów pasujących do podanych kryteriów
Rozkład punktacji
Procent ludzi z każdym wynikiem
Percentyl według liczby udzielonych odpowiedzi
Twoja historia wyników
Nie rozwiązałeś tego quizu